| 000 | 00496cam a2200205ua 4500 | ||
|---|---|---|---|
| 001 | 7943 | ||
| 008 | 150102n ii |||gr||||Z||||||hin | ||
| 020 | _a8177410709 | ||
| 040 | _cMAIN | ||
| 041 | _ahin | ||
| 082 | _a891.43 | ||
| 100 |
_aRai, P. Kr., _eAuthor. |
||
| 245 | 1 |
_aBastunista hindi _cBy Punit Kumar Rai |
|
| 250 | _a1st. | ||
| 260 |
_aBaranasi: _bSanjay, _c2008. |
||
| 300 | _a420p. | ||
| 653 | _aEast Indo-European & Celtic literatures | ||
| 653 | _aHindi literature | ||
| 942 | _cBK | ||
| 999 |
_c7063 _d7063 |
||